000 00602naa a2200229 i 4500
001 35035
003 ES-MaBCM
005 20241016103801.0
008 950606s1995 fra 000 0 fre d
021 _axx
035 _a(OCoLC)1365122025
040 _cES-MaBCM
041 0 _afre
043 _afra
245 0 0 _aBudget 1995
520 _aResumen del presupuesto
648 2 0 _a1995
_9129144
650 2 7 _aPresupuesto del Estado
_959882
651 4 _aFrancia
_9115364
773 0 _aEn:
_tLes notes bleues de Bercy
_dParis : 1995
_w104642
_gnº hors série 1, p.3-78. - Loc. S.326
942 _cAREV
999 _c35035
_d35035